000 00692nam a2200289Ia 4500
005 20260324144519.0
008 008 260324s9999 xx 000 0 eng d
020 _a9781032675435
037 _aEBOOK
040 _aCRL
040 _beng
040 _cCRL
041 _2eng
041 _aeng
084 _qCRL
100 _aCameron Ross
_91159010
245 0 _aLocal Government in the Soviet Union
245 0 _bProblems of Implementation and Control
260 _bTaylor and Francis
260 _c1987
365 _a
365 _b145
856 _uhttp://www.taylorfrancis.com/books/9781032675435
942 _cEBOOK
999 _c1826304
_d1826304